00273nam a2200109Ia 4500008004100000082001300041100001500054245003600069260003500105300000800140650001500148191201s1995 xx 000 0 und d a677bGHI aGHOSH, G K 0aIndian Textile Past and Present aN.DelhibA P H Publisherc1995 a306 aB.Tech(TE)